The challenger disaster / (Record no. 5733)

MARC details
000 -LEADER
fixed length control field 00871nam a22002417a 4500
001 - CONTROL NUMBER
control field 5733
003 - CONTROL NUMBER IDENTIFIER
control field FISKH
005 - DATE AND TIME OF LATEST TRANSACTION
control field 20250122155943.0
008 - FIXED-LENGTH DATA ELEMENTS--GENERAL INFORMATION
fixed length control field 250117b cb ||||| |||| 00| 0 eng d
020 ## - INTERNATIONAL STANDARD BOOK NUMBER
International Standard Book Number 9780545036962
040 ## - CATALOGING SOURCE
Original cataloging agency FISKH
Language of cataloging eng
Transcribing agency FISKH
Modifying agency FISKH
050 ## - LIBRARY OF CONGRESS CALL NUMBER
Classification number LB1573.7
082 ## - DEWEY DECIMAL CLASSIFICATION NUMBER
Classification number 363.12
100 ## - MAIN ENTRY--PERSONAL NAME
Personal name McNeese, Tim
245 ## - TITLE STATEMENT
Title The challenger disaster /
Statement of responsibility, etc. by Tim McNeese
260 ## - PUBLICATION, DISTRIBUTION, ETC.
Place of publication, distribution, etc. New York :
Name of publisher, distributor, etc. Scholastic ,
Date of publication, distribution, etc. 2003.
300 ## - PHYSICAL DESCRIPTION
Extent 48 pages :
Other physical details color illustrations ;
Dimensions 25 cm .
490 ## - SERIES STATEMENT
Series statement Cornerstones of Freedom
Volume/sequential designation Second Series
520 ## - SUMMARY, ETC.
Summary, etc. Recounts events surrounding the explosion of the space shuttle Challenger in 1986, the first shuttle to carry a civilian passenger, and discusses the impact of this disaster on the United States space program.
650 ## - SUBJECT ADDED ENTRY--TOPICAL TERM
Topical term or geographic name entry element Cornerstones of Freedom
Form subdivision non-fiction
942 ## - ADDED ENTRY ELEMENTS (KOHA)
Source of classification or shelving scheme Dewey Decimal Classification
Koha item type Books
Suppress in OPAC No
Holdings
Withdrawn status Lost status Source of classification or shelving scheme Damaged status Not for loan Collection Home library Current library Shelving location Date acquired Total Checkouts Full call number Barcode Date last seen Copy number Price effective from Koha item type
    Dewey Decimal Classification     Non-Fiction Footprints International School Library Network Toul Kork Campus Footprints International School Library Network Toul Kork Campus TTP Secondary Non-Fiction Bookshelves 01/17/2025   MCN 363.12 LB1573.7 FIS04572 01/17/2025 1 01/17/2025 Books
    Dewey Decimal Classification     Non-Fiction Footprints International School Library Network Toul Kork Campus Footprints International School Library Network Toul Kork Campus TTP Secondary Non-Fiction Bookshelves 01/17/2025   MCN 363.12 LB1573.7 FISSE00864 01/22/2025 2 01/17/2025 Books